[Event "Nettetal"]
[Site "Nettetal"]
[Date "1992.02.15"]
[Round "10"]
[White "Winants, Luc"]
[Black "Lanka, Zigurds"]
[Result "0-1"]
[WhiteElo "2515"]
[BlackElo "2490"]
[Annotator "Ribli,Z"]
[PlyCount "140"]
[EventDate "1992.02.06"]
[EventType "tourn"]
[EventRounds "11"]
[EventCountry "GER"]
[EventCategory "9"]
[SourceTitle "CBM 028"]
[Source "ChessBase"]
[SourceDate "1992.06.01"]
[SourceVersion "1"]
[SourceVersionDate "1992.06.01"]
[SourceQuality "1"]

1. c4 Nf6 2. g3 g6 3. Bg2 d5 4. cxd5 Nxd5 5. Nc3 Nxc3 6. bxc3 Bg7 7. Rb1 Nd7 8.
Nf3 O-O 9. O-O Nb6 (9... Re8 10. d4 c5 11. Qa4 Nb6 12. Qa3 Bf5 13. Rb5 cxd4 14.
cxd4 Be4 15. Bf4 a6 16. Rc5 Nd5 $13 {Poldauf,D-Feldmann,V Budapest Spring op
1990 EXP/17}) (9... Rb8 10. d4 b6 11. e4 e5 12. Re1 c5 13. a4 Ba6 14. d5 h6 15.
Bf1 Bxf1 16. Rxf1 $14 {Huebner,R-Gutman,L BRD 1988 45/13}) 10. Ng5 (10. Qc2 Bd7
11. d3 Ba4 12. Qd2 Bc6 13. Ne1 (13. c4 $5) 13... Qd7 14. c4 Rfd8 15. Qa5 Na4
16. Bd2 b6 17. Bxc6 Qxc6 18. Qb5 Qxb5 19. Rxb5 e5 20. Rb4 Nc5 21. Be3 a5 22.
Rb5 Na4 23. Ng2 Rab8 $6 (23... Nc3 $5) 24. Rb3 $1 Bf8 $13 {Psakhis,L-Pfeiffer,
H Vienna op 1991 EXP/25}) 10... Rb8 (10... Qd7 11. Qb3 Qg4 12. Nf3 Be6 13. Qc2
Qc4 14. Ng5 $1 Bg4 15. Bxb7 Rab8 16. Bf3 Bxf3 17. exf3 h6 18. Nh3 Nd5 19. Rb3
$1 $16 {Ribli,Z-Gutman,L  BRD 1987  44/14}) 11. Ne4 (11. Qc2 $5 h6 12. Ne4 Bf5
13. d3 $14) 11... Bf5 12. Qc2 Qd7 13. d3 Na4 14. Bd2 (14. c4 Bxe4 15. Bxe4 Nc3
16. Rxb7 Rxb7 17. Bxb7 c6 18. Ba6 Rb8 $44) 14... c5 15. c4 a6 16. Nc3 (16. Bf4
$5 e5 (16... Rbc8 $2 17. Rxb7 $1 $18) 17. Be3 $13) 16... Bxc3 $5 17. Bxc3 b5
18. Ba1 Bh3 $1 19. Bxh3 Qxh3 20. Qd2 Qe6 21. Rbc1 Rfd8 22. Qc2 Qc6 23. Rfd1 f6
24. e3 Rbc8 25. Rb1 b4 26. Qe2 Rd7 27. Rbc1 Nb6 28. Qg4 Kf7 29. d4 $2 cxd4 30.
exd4 h5 $1 31. Qf4 Nxc4 $17 32. Qh6 Rg8 33. Qh7+ Rg7 34. Qh8 a5 35. Rc2 Qd5 36.
Rdc1 Rd8 37. Qh6 Rc8 38. Re2 e6 39. Rce1 Rc6 40. Qh8 a4 41. Qb8 Nb6 42. Bb2 a3
43. Bc1 Qd7 44. Qh8 Rc8 45. Qh6 Re8 46. Qd2 Nd5 47. Qd3 h4 48. Bd2 Rh7 49. Qa6
Rhh8 50. Qd3 h3 51. f3 Re7 52. Rb1 Qd6 53. Re4 f5 54. Re5 Rc7 55. Rbe1 Re8 56.
g4 Qc6 57. Rc1 Qb6 58. Rce1 Rd7 59. Bg5 Nf6 60. Be3 Rd5 61. Bf2 Qa5 62. Qd2
Rxe5 63. dxe5 Qd5 64. Qe2 Nxg4 $1 65. Bg3 b3 $1 66. fxg4 bxa2 67. Qf1 Qd4+ 68.
Kh1 Qxg4 69. Qd3 Rd8 $1 70. Qxa3 a1=Q 0-1

[Event "ARG-ch"]
[Site "Buenos Aires"]
[Date "1998.04.16"]
[Round "2"]
[White "Ricardi, Pablo"]
[Black "Alonso, Salvador"]
[Result "1-0"]
[WhiteElo "2555"]
[BlackElo "2390"]
[Annotator "Ribli,Z"]
[PlyCount "105"]
[EventDate "1998.04.15"]
[EventType "tourn"]
[EventRounds "15"]
[EventCountry "ARG"]
[EventCategory "9"]
[SourceTitle "CBM 065"]
[Source "ChessBase"]
[SourceDate "1998.08.06"]
[SourceVersion "1"]
[SourceVersionDate "1998.08.06"]
[SourceQuality "1"]

1. Nf3 Nf6 2. c4 g6 3. Nc3 {Das ist die sogenannte Anti-Grünfeld-Indische
Zugfolge.Wenn Schwarz jetzt 3.Bg7 spielt, kann er nach 4.e4 nur noch in die
Königsindische Verteidigung gelangen. Ribli.} d5 4. cxd5 Nxd5 5. e4 (5. Qb3) (
5. Qa4+) (5. g3) 5... Nxc3 6. dxc3 {Diese Fortsetzung ist meines Erachtens für
Schwarz nicht so gefährlich.} (6. bxc3 Bg7 7. d4 c5 8. Rb1 {führt zu einer
aktuellen Hauptvariante der Grünfeld-Indischen Verteidigung.}) 6... Qxd1+ 7.
Kxd1 {Der weiße König steht in der Mitte ausgezeichnet und strebt nach c2.} Nd7
{Schwarz hat leichte Entwicklungsprobleme, aber die symmetrische
Bauernstellung bietet ihm gute Ausgleichschancen.} (7... f6 8. Be3 (8. Kc2 e5
9. Be3 Be6 10. Nd2 Nd7 11. a4 a5 12. Bc4 Bxc4 13. Nxc4 Bc5 14. Rhd1 Bxe3 15.
Nxe3 Nb6 16. b4 Ke7 {1/2-1/2 Ribli,Z-Ftacnik,L/BL9293 1993 (25)}) 8... e5 9.
Nd2 Be6 10. Bc4 Kf7 $5 (10... Bxc4 11. Nxc4 Nd7 12. b4 h5 13. Kc2 Bh6 14. Bxh6
Rxh6 15. Rhd1 O-O-O 16. a4 $14 {Schlosser,P-Smejkal,J Altensteig 1991 CBM/25})
11. Kc2 Be7 $1 (11... h5 12. Rhd1 Bh6 13. Bxh6 Rxh6 14. a4 a5 15. Bxe6+ Kxe6
16. Nb3 Nd7 17. Rd5 b6 18. Rad1 Rh7 19. c4 $16 {Cehov-Jasnikowski Bydgoszcz
1990 50/10}) 12. b4 a5 $1 13. a3 Rd8 14. Bxe6+ Kxe6 15. Nb3 a4 16. Na5 (16.
Nc5+ Bxc5 17. bxc5 Na6 18. Rab1 Rab8 19. Rb5 Kd7 $1 $10) 16... b6 17. Nc4 Nc6
18. Rad1 (18. Rhd1 $5) 18... Na7 $1 19. Rxd8 Rxd8 20. Rd1 Rxd1 21. Kxd1 Nb5 22.
Kc2 Nd6 23. Kd3 Kd7 24. Nd2 b5 $1 $10 25. f3 c6 26. Bc5 Nb7 {1/2-1/2 Ribli,
Z-Epishin,V/Vienna 1991}) (7... Bg7 {Diese natürliche Läuferentwicklung ist
nicht gut.} 8. Bf4 {[%csl Gf4][%cal Rf4c7]} c6 9. Kc2 Nd7 10. Nd2 $14 {und
wenn Schwarz die Bewegungsfreiheit des Bf4 einschränken will, wird auch sein
eigener Läufer auf g7 eingeschlossen.}) (7... Bg4 8. Bf4 c6 9. Kc2 Nd7 10. Bc4
Bxf3 11. gxf3 e5 12. Be3 Bc5 13. Bh6 Bf8 14. Bd2 $14 {Der weiße Doppelbauer
ist nur scheinbar schlecht, denn Weiß kann f3-f4 mit aktiver Stellung spielen.}
) 8. Bf4 (8. Be3 e5 9. Nd2 (9. Bc4 $5) 9... Bc5 10. Nc4 Ke7 11. Kc2 (11. Bxc5+
Nxc5 12. Nxe5 Nxe4 $11) 11... Bxe3 12. Nxe3 c6 13. f3 $11) (8. Bc4 Nc5 9. Re1
$5 (9. Nd2 Bh6 10. f3 Be6 $11)) 8... c6 (8... Nc5 9. Nd2 (9. Bxc7 $6 Nxe4 $15 {
[%csl Ge4][%cal Re4f2,Rf2d1,Rf2h1]}) 9... c6 10. Be3 e5 11. b4 Na4 12. Kc2 b5
13. a3 Be6 14. Nb3 a6 $11) 9. Nd2 (9. Kc2 f6 10. Bc4 (10. Nd2 e5 11. Be3 Bc5
12. Re1 Ke7 13. Bc4 b5 14. Bd3 Rd8 15. Nb3 Bxe3 16. Rxe3 a5 17. Rd1 a4 18. Nc1
Nc5 19. Be2 Be6 20. Rxd8 Rxd8 21. b4 axb3+ 22. axb3 {Nasybullin,V-Lin Weiguo/
Manila olm 1992/1-0 (57)}) 10... e5 11. Be3 Bc5 12. Rae1 Bxe3 13. Rxe3 Nb6 14.
Bb3 a5 15. a4 Nd7 16. Bc4 Nc5 17. Ra1 Ke7 18. Nd2 Rd8 19. Nb3 Nxb3 20. Bxb3 Be6
21. Bxe6 {1/2-1/2 Har Zvi,R-Liss,E/Biel op 1993}) 9... e5 10. Be3 Bc5 (10... a5
$5 11. Nc4 b5 12. Nd2 Nc5 $11 (12... Bc5 13. a4 Bxe3 14. fxe3 $13 {Auf den
ersten Blick sind die weißen Doppelbauern auf e3 und e4 schwach, aber auch
Schwarz hat seine Sorgen am Damenflügel.})) 11. Bxc5 Nxc5 12. b4 Na4 $6 {
Dieser Springerzug gefällt mir nicht. Schwarz spielt zu optimistisch und
später steht sein Springer weder auf a5 noch auf b6 besonders glücklich.} (
12... Ne6 13. Nc4 f6 14. Kc2 Ke7 15. Na5 Rd8 16. Bc4 Rd6 17. Rhd1 Rb8 18. a4 b6
19. Rxd6 Kxd6 20. Nb3 Nf4 21. g3 Be6 22. Nd2 Nh3 23. f3 Bxc4 24. Nxc4+ Kc7 25.
Rd1 Rd8 26. Rxd8 Kxd8 27. Kd3 Kd7 28. Ke3 Ng5 {Mishuchkov,N-Beshukov,S/
Smolensk op 1991/1/2-1/2 (63)}) 13. Kc2 $14 f6 (13... Be6 $5 14. Nc4 Bxc4 15.
Bxc4 Ke7 {Weiß hat einen guten Läufer und kann 16.Bb3 spielen, aber die
schwarze Stellung erscheint mir haltbar.}) 14. Nc4 Nb6 (14... Be6 $2 15. Nd6+
Ke7 16. Nxb7 $16) (14... Ke7 15. Na5) 15. Na5 {[%csl Ga5] Der gut postierte
weiße Springer auf a5 übt positionellen Druck gegen den schwarzen Damenflügel
aus.} (15. Nxb6 $6 axb6 16. Bc4 $11) 15... Kd8 (15... Rb8 16. Rd1 Ke7) 16. c4 {
Der schwarze Springer steht schlecht auf b6, so daß jetzt alles mit Tempo
kommt.} Kc7 17. c5 Nd7 18. Bc4 {Ein nützlicher Befreiungszug.} b6 19. cxb6+
axb6 20. Nb3 (20. Nxc6 Bb7 (20... Kxc6 $2 21. Bd5+ $16 {[%cal Rd5a8]}) 21. b5
Nb8 $1 (21... Ra4 22. Bd5 Rha8 $44 {[%csl Ga4,Ga8]}) 22. Nxb8 (22. Rhd1 Nxc6
23. bxc6 Bxc6 24. Bd5 Ba4+ 25. Bb3 $11) 22... Bxe4+ 23. Bd3 Bxd3+ 24. Kxd3 Rd8+
$15) 20... Ra4 $6 {Wie zuvor der Springerzug nach a4 (12...Na4) ist auch das
zu optimistisch. In Wirklichkeit steht der Turm auf a4 nicht glücklich.} (20...
Ba6 21. Bxa6 Rxa6 22. a4 Rha8 23. a5 $14) (20... Ra3 $2 {Dieser Zug gibt dem
Weißen ein klares Tempo.} 21. Kb2 {[%cal Yh1c1,Yc1c7]}) 21. a3 {[%csl Ra4]} Nf8
22. Kb2 {Durch den Königszug befreit Weiß seinen Turm von der Verteidigung des
Bauern a3 und bereitet Rc1 vor.} Be6 23. Rac1 Bxc4 24. Rxc4 {[%csl Rc6,Rc7]
[%cal Rh1c1,Rc1c7]} b5 25. Rc3 Ne6 (25... Ra6 26. Nc5 Ra7 27. Rf3 $16 {[%csl
Rf6][%cal Rf3f6]}) 26. Na5 {[%csl Ra4,Rc6,Rc7]} c5 $8 (26... Nd4 27. Rhc1 {
[%csl Rc6]} Ne2 28. Rxc6+ $18) 27. Rd1 $1 {Weiß hält die Spannung und bereitet
28.Rd5 vor. Der schwarze Turm steht auf a4 sehr schlecht.} (27. Nb3 c4 $13)
27... c4 (27... Rd8 28. Rxd8 Kxd8 (28... Nxd8 29. Rxc5+ $16) 29. Nb7+ $16 {
[%cal Rb7d8,Rb7c5]}) 28. Rd5 {[%cal Rd5b5]} Nd4 (28... Rb8 $5 29. Nxc4 (29. g3
{Weiß beabsichtigt 30.Rf3 und verteidigt sich gegen 30...Nf4.} Nd4 30. f4 Re8
$13) (29. Rf3 $6 Nf4 30. Rc5+ Kd7 $15 {[%cal Rf4d3,Rd3b2,Rd3c5]}) 29... bxc4
30. Rxc4+ Kb7 (30... Kb6 31. Rd6+ Kb5 32. Rcc6 {[%csl Rb5]} Nd4 $2 33. Rc5#)
31. Rd7+ Ka8 32. Rc6 $13) 29. f4 Rd8 $2 (29... Re8 $5 30. Rh3 Re7) {[#]} 30.
Nxc4 $1 $16 {[%csl Gc3,Rc7] Dieses unerwartete Springeropfer erschüttert die
schwarze Stellung.} Rxd5 (30... bxc4 31. Rxc4+ Nc6 32. Rxd8 Kxd8 33. Rxc6 exf4
34. Rxf6 $18) 31. Ne3+ Kd6 32. Nxd5 Ra7 (32... f5 33. fxe5+ Kxe5 34. Rc5 $16 {
[%cal Gc5e5]} fxe4 (34... Kxe4 35. Nc3+ $18 {[%cal Rc3e4,Rc3a4]}) 35. Nc3+ $18
{[%cal Rc5e5,Rc3a4]}) 33. Nxf6 exf4 {Schwarz hat einen Minusbauern, aber seine
Stellung ist recht aktiv, so daß Weiß noch vorsichtig sein muß.} 34. Rc5 {
[%csl Gc5][%cal Rc5d5,Rd5d4,Rd5d6]} Ke6 35. Nd5 Rf7 (35... Ke5 36. Nc3+ Ke6 37.
Nxb5 Nxb5 38. Rxb5 $16) 36. Nc7+ Kd6 (36... Kf6 37. Kc3 $16) 37. Nxb5+ Nxb5 38.
Rxb5 {Die beiden Mehrbauern bieten dem Weißen gute Gewinnchancen, aber Schwarz
entfaltet noch etwas Initiative am Königsflügel.} f3 39. gxf3 Rxf3 40. Rd5+ Kc6
$5 {Es ist verständlich, daß Schwarz mit seinem König die weißen Freibauern
aufzuhalten versucht.} 41. Rc5+ Kb6 42. Rc3 Rf4 (42... Rxc3 $2 43. Kxc3 $18) (
42... Rf2+ 43. Rc2 $18) 43. Re3 {[%cal Re4e5,Re5e6,Re6e7,Re7e8]} Rf2+ 44. Kc3
Rxh2 45. e5 Rf2 (45... Kc7 46. e6 Kd8 47. e7+ Ke8 48. b5 $18 {Weiß ist viel
schneller.}) 46. e6 Rf8 47. e7 Re8 48. Kc4 Kc6 49. a4 $18 {Der schwarze Turm
steht sehr passiv und die weißen Freibauern entscheiden die Partie.} g5 50. b5+
Kd6 (50... Kb6 51. Kd5 h5 52. Kd6 $18) 51. a5 g4 52. a6 h5 53. a7 {und Schwarz
gab diese chancenlose Stellung auf.} (53. a7 h4 54. a8=Q Rxa8 55. e8=Q Rxe8 56.
Rxe8 h3 (56... g3 57. Rg8 $18) 57. Rh8 $18) 1-0

[Event "Dortmund op-A"]
[Site "Dortmund"]
[Date "1992.??.??"]
[Round "9"]
[White "Krasenkow, Michal"]
[Black "Leko, Peter"]
[Result "1-0"]
[WhiteElo "2495"]
[BlackElo "2385"]
[Annotator "Ribli,Z"]
[PlyCount "83"]
[EventDate "1992.04.??"]
[EventType "swiss"]
[EventRounds "11"]
[EventCountry "GER"]
[SourceTitle "CBM 029"]
[Source "ChessBase"]
[SourceDate "1992.08.01"]
[SourceVersion "1"]
[SourceVersionDate "1992.08.01"]
[SourceQuality "1"]

1. Nf3 Nf6 2. c4 g6 3. Nc3 d5 4. cxd5 Nxd5 5. g3 Bg7 6. Bg2 Nc6 7. O-O Nb6 8.
d3 O-O 9. Be3 e5 (9... h6 10. Qc1 Kh7 11. Rd1 e5 12. d4 (12. Bc5 $5) 12... Nxd4
13. Nxd4 exd4 14. Bxd4 Bxd4 15. e3 Qe7 16. Rxd4 c6 17. Ne4 Be6 18. Qc5 $14 {
Hansen,LB-Peek,M Oostende op 1991 EXP/26}) 10. Qc1 $5 (10. Qd2 Re8 11. Bh6 Bh8
12. Rac1 Nd4 13. Nxd4 exd4 14. Ne4 Nd5 15. Bg5 f6 16. Bh6 c6 $13 {Arkhipov,
S-Leko,P Nettetal 1992 CBM/28}) 10... Re8 11. Bh6 Bh8 12. Ne4 (12. Re1 Ne7 13.
Ne4 Be6 14. Nc5 Bd5 15. e4 Bc6 16. Qc3 Qd6 17. Rac1 $14 {Moldobaev,E-Teske,H
Frunze 1989 CBM/15}) 12... Nd4 13. Re1 $1 Nxf3+ 14. Bxf3 c6 15. b4 $1 Qe7 16.
Rb1 Be6 17. a3 Bd5 (17... Ba2 $5 18. Rb2 Bd5) 18. Qc5 Na4 19. Qc2 Nb6 20. Qc5
Na4 21. Qxe7 $1 Rxe7 22. Bg5 Re6 23. Rec1 f6 24. Be3 $14 Re7 25. b5 f5 26. Bg5
Rf7 (26... Rd7 27. bxc6 bxc6 28. Nf6+ Bxf6 29. Bxf6 $14) 27. Nd6 Rd7 28. Nxb7
$1 cxb5 (28... Rxb7 $2 29. bxc6 $18) 29. Bxd5+ Rxd5 30. Rc7 Bg7 31. Rbc1 Nb6
32. Nc5 Rc8 33. Ne6 Rxc7 34. Rxc7 Rd7 35. Be3 $1 Rxc7 36. Nxc7 Na4 37. Nxb5 $18
a6 38. Nd6 Nc3 39. Kf1 a5 40. Ke1 a4 41. Kd2 Nd5 42. Bc5 1-0

[Event "Rishon Le Ziyyon YM"]
[Site "Rishon Le Ziyyon"]
[Date "1995.??.??"]
[Round "9"]
[White "Alterman, Boris"]
[Black "Mikhalevski, Victor"]
[Result "0-1"]
[WhiteElo "2575"]
[BlackElo "2525"]
[Annotator "Ribli,Z"]
[PlyCount "96"]
[EventDate "1995.02.??"]
[EventType "tourn"]
[EventRounds "11"]
[EventCountry "ISR"]
[EventCategory "11"]
[SourceTitle "CBM 046"]
[Source "ChessBase"]
[SourceDate "1995.06.01"]
[SourceVersion "1"]
[SourceVersionDate "1995.06.01"]
[SourceQuality "1"]

1. c4 Nf6 2. Nc3 d5 3. cxd5 Nxd5 4. g3 g6 5. Bg2 Nb6 6. d3 Bg7 7. Be3 (7. h4 $5
{Diese agressive Fortsetzung kommt auch in Frage.} h6 (7... h5 $6 8. Nh3 Nc6 9.
Ng5 Nd4 10. O-O O-O 11. e3 Nf5 12. d4 $14 {Weiss hat Raumvorteil. Bukal,
V-Schwartzman,G/Dortmund-D/1991/EXP22/}) 8. Be3 N8d7 9. a4 Nf6 10. a5 Nbd5 11.
Bd4 Nf4 12. gxf4 Qxd4 13. Qa4+ Qxa4 14. Rxa4 $14 {Weiss besitzt die Initiative.
Seirawan,Y-Kortschnoj,V/Wijk aan Zee/1983/}) 7... Nc6 (7... O-O 8. Qc1 Re8 9.
Bh6 Bh8 10. h4 Nc6 11. h5 Nd4 12. Nf3 Nxf3+ 13. Bxf3 $16 {Weiss hat
Angriffchancen und Entwicklungsvorteil.Seirawan,Y-Sokolov,I/Sarajevo 1987/
CBM05/INF44,14/}) 8. Bxc6+ {Schwarz hat fuer den Doppelbauern Laeuferpaars.
Sichere Fortsetzung ist 8.Qc1 oder 8.Nf3.} (8. Qc1 $5 Nd4 9. Nf3 e5 10. O-O h6
11. Re1 c6 12. Ne4 $14 {Weiss hat einen kleinen Vorteil. Gheorghiu,F-London,D/
New York/1984/INF37,18/}) 8... bxc6 9. Qd2 $6 {Das ist eine zweifelhafte
Neuerung.} (9. Qc1 $5 h5 10. Nf3 Bg4 11. Ng5 Nd5 12. Nxd5 Qxd5 13. f3 Rb8 14.
Rb1 Bd7 15. b3 $14 {Smyslov,V-Robatsch,K/Sochi/1974/INF18,18/}) 9... h5 10. h3
$2 {Warum nicht 10.Nf3.} Bf5 11. Rc1 a5 12. b3 a4 13. b4 a3 14. Nf3 Qd7 15. h4
{Weiss verliert ein Tempo wegen 10.h3?.} Bg4 16. Ng5 $6 (16. O-O Bxf3 17. exf3
O-O 18. Rfd1 $13) 16... Nd5 $1 17. Nxd5 {Was sonst.} cxd5 18. d4 O-O 19. O-O
Rfb8 $1 {Weiss hat in der Eroeffnung ungenau gespielt. Schwarz steht schon
leicht besser, weil er am Damenfluegel starken Druck erreicht hat.} 20. Rc5 c6
21. Rb1 Rb6 22. Rb3 Qb7 23. Nf3 Bxf3 $1 24. exf3 Ra4 25. Qc3 Rbxb4 26. Rxb4
Rxb4 27. Rxc6 (27. Qxa3 {Hilft nicht.} Bxd4 28. Bxd4 Rxd4 29. Qc3 (29. Qc1 Rb4
$19 {Weiss ist hilflos.}) 29... Qb1+ 30. Kg2 Rd1 31. Rxc6 Rg1+ 32. Kh2 Rh1+ 33.
Kg2 Qf1# {Schwarz war schneller!}) 27... Rb1+ 28. Kh2 Kh7 $1 {Sehr kluger Zug!}
29. Rc5 (29. Rc7 Qb5 30. Rxe7 Qf1 $19) 29... Qb2 30. f4 (30. Qxb2 axb2 31. Rb5
e5 $19) 30... Qxa2 $1 (30... Qe2 $2 {Jetzt kann Weiss seine Stellung mit
schoenen taktischen Moeglichkeiten und mit Beihilfe des Schwarzes retten.} 31.
Qxa3 Bxd4 $1 32. Rc1 (32. Bxd4 Qd1 $19) 32... Bb2 $2 (32... Rxc1 $1 33. Qxc1
Bxe3 34. Qxe3 Qxa2 35. Qxe7 Qxf2+ $2 (35... d4 $1 {Schwarz hat noch Chancen
die Partie zu gewinnen.}) 36. Kh3 Qf1+ 37. Kh2 $10) 33. Qxe7 $1 Rxc1 34. Qxf7+
Bg7 35. f5 $1 {[#]} (35. Bxc1 $2 Qxf2+ 36. Kh3 Qf1+ 37. Kh2 Qxc1 $19) (35. Bd4
Rh1+ $1 36. Kxh1 Qd1+ 37. Kg2 Qxd4 $19) 35... Rc6 36. Bd4 Rf6 37. Bxf6 Qxf2+
38. Kh1 Qf1+ 39. Kh2 Qf2+ $10) 31. f5 Qe2 32. fxg6+ fxg6 33. Qxa3 Qf1 34. Rc1
Rxc1 35. Qxc1 Qxc1 36. Bxc1 Bxd4 {Das Endspiel ist fuer Weiss verloren. Der
Rest der Partie bedarf keines Kommentars.} 37. Kg2 Kg7 38. Bg5 e5 39. Kf3 Kf7
40. Ke2 Ke6 41. Bd2 Kf5 42. f3 e4 43. Be1 Bb6 44. Bb4 d4 45. fxe4+ Kxe4 46. Bd6
d3+ 47. Kd2 Ba5+ 48. Kd1 Bc3 {Ribli} 0-1

[Event "Nettetal"]
[Site "Nettetal"]
[Date "1992.02.13"]
[Round "8"]
[White "Arkhipov, Sergey"]
[Black "Leko, Peter"]
[Result "0-1"]
[WhiteElo "2515"]
[BlackElo "2385"]
[Annotator "Ribli,Z"]
[PlyCount "120"]
[EventDate "1992.02.06"]
[EventType "tourn"]
[EventRounds "11"]
[EventCountry "GER"]
[EventCategory "9"]
[SourceTitle "CBM 028"]
[Source "ChessBase"]
[SourceDate "1992.06.01"]
[SourceVersion "1"]
[SourceVersionDate "1992.06.01"]
[SourceQuality "1"]

1. Nf3 Nf6 2. c4 g6 3. Nc3 d5 4. cxd5 Nxd5 5. g3 Bg7 6. Bg2 Nb6 7. d3 Nc6 8.
Be3 O-O 9. O-O (9. Qd2 $5 Re8 10. Bh6 Bh8 11. h4 $1 Nd5 12. h5 Nf6 13. hxg6
hxg6 14. Qg5 Nd4 15. Ne5 Nh7 16. Qh4 Bf6 17. Qh2 Nf8 18. f4 Qd6 19. Ne4 Qb4+
20. Kf2 Nf5 21. Nxf6+ exf6 22. Bg7 Qd4+ 23. Ke1 Qb4+ 24. Kd1 Ne3+ 25. Kc1 Qc5+
26. Kd2 $18 {Novopashin-Muhin URS 1975}) 9... e5 $5 (9... h6 10. Qc1 Kh7 11.
Rd1 e5 12. d4 (12. b4 $5) (12. Bc5 $5 Re8 13. e3) 12... exd4 13. Nxd4 Nxd4 14.
Bxd4 Bxd4 15. e3 c6 16. Rxd4 Qe7 17. Ne4 Be6 18. Qc5 Rae8 $10 {Hansen,LB-Peek,
M Ostende op 1991  EXP/26}) 10. Qd2 (10. Qc1 Re8 11. Bh6 Bh8 12. Re1 Ne7 13.
Ne4 Be6 14. Nc5 Bd5 15. e4 Bc6 16. Qc3 Qd6 17. Rac1 $13 {Moldobaev,E-Teske,H
Frunze 1989 CBM/15}) 10... Re8 $1 (10... Nd4 11. Bh6 Re8 $2 12. Bxg7 Kxg7 13.
b4 $1 c6 14. Nxd4 exd4 15. Ne4 Nd5 16. Qb2 $16 {Romanishin-Whiteley Hastings
1976/77  24/19}) 11. Bh6 Bh8 $1 12. Rac1 Nd4 13. Nxd4 exd4 14. Ne4 Nd5 15. Bg5
f6 16. Bh6 c6 17. e3 (17. Rfe1 $5) 17... f5 18. Bg5 dxe3 19. fxe3 Qc7 20. Nc5 (
20. Nc3 Nxc3 21. bxc3 Be6 22. c4 $13) 20... Qd6 21. Kh1 Bf6 22. e4 Bxg5 23.
Qxg5 Qe7 $1 24. Qd2 (24. Qxe7 Nxe7 25. d4 fxe4 26. Nxe4 Nd5 27. Nd6 Rd8 28.
Bxd5+ cxd5 29. Nxc8 Raxc8 $10) 24... Nf6 25. Rfe1 fxe4 26. dxe4 Nd7 $1 27. Nd3
Ne5 28. Nxe5 Qxe5 29. b4 Be6 30. Rc5 Qg7 31. e5 Rad8 32. Qe3 Qd7 33. a4 Qd4 $15
34. Qxd4 Rxd4 35. b5 cxb5 36. Rxb5 (36. axb5 Re7 $15) 36... Rxa4 37. Bxb7 Rd8
38. Rb2 a5 39. Kg2 Rb8 40. Reb1 Rb4 $1 41. Rxb4 axb4 42. Be4 b3 43. Rb2 Rb5 44.
Kf3 Rxe5 45. h4 Kg7 46. Bd3 Ra5 47. Re2 Kf6 48. g4 Ra4 49. g5+ Kf7 50. Re5 b2
$1 51. Ke2 (51. Rb5 Ra3 52. Ke2 Rxd3 $1 53. Kxd3 b1=Q+ 54. Rxb1 Bf5+ $19) 51...
Rb4 52. Bb1 Bf5 53. Ba2+ Kf8 54. Ra5 Rb7 55. Ra8+ Ke7 56. Rh8 Kd6 57. Rd8+ Ke5
58. Ke3 b1=Q 59. Re8+ Kd6 60. Bxb1 Bxb1 0-1

[Event "Budapest FS06 GM"]
[Site "Budapest"]
[Date "1995.??.??"]
[Round "7"]
[White "Kallai, Gabor"]
[Black "Liss, Eran"]
[Result "1-0"]
[WhiteElo "2490"]
[BlackElo "2480"]
[Annotator "Ribli,Z"]
[PlyCount "101"]
[EventDate "1995.06.??"]
[EventType "tourn"]
[EventRounds "11"]
[EventCountry "HUN"]
[EventCategory "9"]
[SourceTitle "CBM 049"]
[Source "ChessBase"]
[SourceDate "1995.12.01"]
[SourceVersion "1"]
[SourceVersionDate "1995.12.01"]
[SourceQuality "1"]

1. c4 {Hecht} Nf6 2. Nc3 d5 3. cxd5 Nxd5 4. g3 g6 5. Bg2 Nxc3 $6 {Dieser Zug
gefaellt mir nicht.} (5... Nb6 $5) 6. bxc3 Bg7 7. Rb1 $1 {Droht Rxb7!} Nd7 8.
Nf3 O-O 9. O-O Nb6 10. Ng5 $1 (10. Qc2 Bd7 {Beim,V-Liss,E/Budapest FS AprGM/
1994/EXP42/}) 10... Bf5 {Eine Neuerung.} (10... Qd7 11. Qb3 Qg4 12. Nf3 Be6 13.
Qc2 Qc4 14. Ng5 $36 {Ribli,Z-Gutman,L/Bundesliga 8687/INF44,14/}) 11. d3 Rb8
12. c4 $14 {Weiss steht besser, weil seine Figuren (Rb1,Bg2,Ng5) aktiv stehen
und seine Bauernstruktur ist auch guenstiger.} Qe8 {Droht /\ Na4} 13. Bf4 $1 {
Sehr stark, provoziert die schwarze Antwort.} e5 {Jetzt hat der g7-Laeufer nur
beschrenkte Moeglichkeiten ins Spiel zu kommen.} 14. Bd2 f6 15. Ne4 Bd7 16. Nc3
Bc6 17. Nd5 $1 Rf7 18. Qb3 f5 19. Nxc7 $1 {Ausgezeichnet gespielt. Weiss
erreicht nun forciert ein besseres Spiel.} Rxc7 20. c5+ Qf7 21. cxb6 axb6 22.
Rfc1 $5 (22. Qxb6 Bxg2 23. Kxg2 Rc2 24. Rb2 Rxb2 25. Qxb2 Qd5+ 26. Kg1 e4 $14 {
Der Nachziehende hat einige Remischancen.}) 22... Qxb3 23. axb3 Rbc8 24. Be3
Bxg2 (24... b5 25. Bb6 Rd7 26. Rc5 $16 {Droht /\ Rbc1}) 25. Kxg2 b5 26. Rxc7
Rxc7 27. Rc1 Rc6 28. Rc5 $1 Rxc5 (28... Rb6 $4 29. Rc8+ $18) (28... b4 29. Rb5
$18) 29. Bxc5 {Hecht: In diesem Endspiel hat Weiss praktisch einen Mehrbauern,
weil beide schwarzen b-Bauern nicht mehr Wert als einer sind. L-L bei 6-6
Bauern, schlechterem sL und schlechterer s Bauernstruktur, ideeller weißer
Mehrbauer, Technik} Kf7 30. e4 Ke6 31. f4 h5 32. Kf3 Bh6 33. Be3 $1 {Droht
fxe5 mit gewonnenem Bauernendspiel.} Bf8 34. fxe5 Kxe5 35. d4+ Ke6 36. d5+ Kd6
(36... Ke5 {Hecht} 37. Bf4+ Kd4 38. exf5 gxf5 39. d6 Kd5 40. d7 Be7 41. Bc7 $18
) 37. Bf4+ Kc5 38. Be3+ Kd6 39. Bf4+ Kc5 40. b4+ $1 {Eine kleine, aber
huebsche Kombination entscheidet die positionell gut ange- legte Partie.} Kxb4
(40... Kb6 41. e5 Bxb4 42. e6 $18) 41. d6 Kc4 42. d7 Be7 43. exf5 gxf5 44. h4
Bd8 (44... b4 45. Bg5 b3 46. Bxe7 b2 47. d8=Q b1=Q 48. Qc7+ $18) 45. Bg5 Bc7
46. d8=Q Bxd8 47. Bxd8 b4 48. Kf4 b3 49. Bf6 b5 50. Kxf5 Kd3 51. g4 {Ribli} (
51. g4 hxg4 52. Kxg4 Kc2 53. h5 b2 54. Bxb2 Kxb2 55. h6 b4 56. h7 b3 57. h8=Q+
$18) 1-0